<?xml version="1.0" encoding="UTF-8"?>
<record
    xmlns:xsi="http://www.w3.org/2001/XMLSchema-instance"
    xsi:schemaLocation="http://www.loc.gov/MARC21/slim http://www.loc.gov/standards/marcxml/schema/MARC21slim.xsd"
    xmlns="http://www.loc.gov/MARC21/slim">

  <leader>01356nam a2200313 a 4500</leader>
  <controlfield tag="001">1447</controlfield>
  <controlfield tag="003">BR-CuiBMT</controlfield>
  <controlfield tag="005">20231211213513.0</controlfield>
  <controlfield tag="008">231201s2003    dfba          000 0 por d</controlfield>
  <datafield tag="020" ind1=" " ind2=" ">
    <subfield code="a">8588219247</subfield>
  </datafield>
  <datafield tag="040" ind1=" " ind2=" ">
    <subfield code="a">BR-CuiBMT</subfield>
    <subfield code="c">BR-CuiBMT</subfield>
  </datafield>
  <datafield tag="080" ind1=" " ind2=" ">
    <subfield code="a">005.521:364.3-624</subfield>
    <subfield code="2">2007</subfield>
  </datafield>
  <datafield tag="090" ind1=" " ind2=" ">
    <subfield code="a">005.521:364.3-624</subfield>
    <subfield code="b">B823b</subfield>
  </datafield>
  <datafield tag="110" ind1="1" ind2=" ">
    <subfield code="a">Brasil.</subfield>
    <subfield code="b">Minist&#xE9;rio da Previd&#xEA;ncia Social.</subfield>
  </datafield>
  <datafield tag="245" ind1="1" ind2="0">
    <subfield code="a">Base de financiamento da previd&#xEA;ncia social :</subfield>
    <subfield code="b">alternativas e perspectivas /</subfield>
    <subfield code="c">Minist&#xE9;rio da Previd&#xEA;ncia Social, Secretaria da Previd&#xEA;ncia Social ; [autores Ricardo Varsano ... et al.].</subfield>
  </datafield>
  <datafield tag="260" ind1=" " ind2=" ">
    <subfield code="a">Bras&#xED;lia :</subfield>
    <subfield code="b">MPS,</subfield>
    <subfield code="c">c2003.</subfield>
  </datafield>
  <datafield tag="300" ind1=" " ind2=" ">
    <subfield code="a">271 p. :</subfield>
    <subfield code="b">il. ;</subfield>
    <subfield code="c">23 cm</subfield>
  </datafield>
  <datafield tag="490" ind1="1" ind2=" ">
    <subfield code="a">Cole&#xE7;&#xE3;o previd&#xEA;ncia social :</subfield>
    <subfield code="a">S&#xE9;rie estudos ;</subfield>
    <subfield code="v">v. 19</subfield>
  </datafield>
  <datafield tag="500" ind1=" " ind2=" ">
    <subfield code="a">Contribui&#xE7;&#xE3;o de v&#xE1;rios autores para o debate.</subfield>
  </datafield>
  <datafield tag="500" ind1=" " ind2=" ">
    <subfield code="a">Sele&#xE7;&#xE3;o de trabalhos apresentados no workshop "Base de Financiamento Social: Alternativas e Perspectivas", realizado na cidade de Bras&#xED;lia-DF em 20 de mar&#xE7;o de 2003.</subfield>
  </datafield>
  <datafield tag="504" ind1=" " ind2=" ">
    <subfield code="a">Inclui bibliografia.</subfield>
  </datafield>
  <datafield tag="650" ind1=" " ind2=" ">
    <subfield code="a">Previd&#xEA;ncia social</subfield>
    <subfield code="x">Financiamento</subfield>
    <subfield code="z">Brasil</subfield>
  </datafield>
  <datafield tag="650" ind1=" " ind2=" ">
    <subfield code="a">Reforma tribut&#xE1;ria</subfield>
    <subfield code="z">Brasil</subfield>
  </datafield>
  <datafield tag="650" ind1=" " ind2=" ">
    <subfield code="a">Regime geral de previd&#xEA;ncia social</subfield>
  </datafield>
  <datafield tag="650" ind1=" " ind2=" ">
    <subfield code="a">Desonera&#xE7;&#xE3;o</subfield>
    <subfield code="x">Mercado de trabalho</subfield>
  </datafield>
  <datafield tag="700" ind1="1" ind2=" ">
    <subfield code="a">Varsano, Ricardo</subfield>
    <subfield code="e">et al.</subfield>
    <subfield code="4">autores</subfield>
  </datafield>
  <datafield tag="830" ind1=" " ind2="0">
    <subfield code="a">Previd&#xEA;ncia social</subfield>
    <subfield code="p">Estudos</subfield>
    <subfield code="v">19</subfield>
  </datafield>
  <datafield tag="942" ind1=" " ind2=" ">
    <subfield code="2">udc</subfield>
    <subfield code="c">LV</subfield>
  </datafield>
  <datafield tag="952" ind1=" " ind2=" ">
    <subfield code="0">0</subfield>
    <subfield code="1">0</subfield>
    <subfield code="2">udc</subfield>
    <subfield code="4">0</subfield>
    <subfield code="7">0</subfield>
    <subfield code="a">BIBTCEMT</subfield>
    <subfield code="b">BIBTCEMT</subfield>
    <subfield code="d">2004-08-13</subfield>
    <subfield code="l">0</subfield>
    <subfield code="o">005.521:364.3-624 B823b</subfield>
    <subfield code="p">BIBTCEMT23120336</subfield>
    <subfield code="r">2023-12-10</subfield>
    <subfield code="t">Ex. 1</subfield>
    <subfield code="w">2023-12-10</subfield>
    <subfield code="y">LV</subfield>
  </datafield>
  <datafield tag="952" ind1=" " ind2=" ">
    <subfield code="0">0</subfield>
    <subfield code="1">0</subfield>
    <subfield code="2">udc</subfield>
    <subfield code="4">0</subfield>
    <subfield code="7">0</subfield>
    <subfield code="a">BIBTCEMT</subfield>
    <subfield code="b">BIBTCEMT</subfield>
    <subfield code="d">2004-08-13</subfield>
    <subfield code="l">0</subfield>
    <subfield code="o">005.521:364.3-624 B823b</subfield>
    <subfield code="p">BIBTCEMT23120337</subfield>
    <subfield code="r">2023-12-10</subfield>
    <subfield code="t">Ex. 2</subfield>
    <subfield code="w">2023-12-10</subfield>
    <subfield code="y">LV</subfield>
  </datafield>
  <datafield tag="952" ind1=" " ind2=" ">
    <subfield code="0">0</subfield>
    <subfield code="1">0</subfield>
    <subfield code="2">udc</subfield>
    <subfield code="4">0</subfield>
    <subfield code="7">0</subfield>
    <subfield code="a">BIBTCEMT</subfield>
    <subfield code="b">BIBTCEMT</subfield>
    <subfield code="d">2004-08-13</subfield>
    <subfield code="l">0</subfield>
    <subfield code="o">005.521:364.3-624 B823b</subfield>
    <subfield code="p">BIBTCEMT23120339</subfield>
    <subfield code="r">2023-12-10</subfield>
    <subfield code="t">Ex. 3</subfield>
    <subfield code="w">2023-12-10</subfield>
    <subfield code="y">LV</subfield>
  </datafield>
  <datafield tag="999" ind1=" " ind2=" ">
    <subfield code="c">1447</subfield>
    <subfield code="d">1447</subfield>
  </datafield>
</record>
